[Event "I Liga Centralne Srbije"]
[Site "Bajina Bašta, Serbia"]
[Date "2020.10.15"]
[Round "8.1"]
[White "Ivic, Velimir"]
[Black "Delchev, Aleksander"]
[Result "1-0"]
[WhiteElo "2548"]
[BlackElo "2548"]
[Annotator "Knez"]
[PlyCount "159"]
[EventDate "2020.??.??"]
[TimeControl "90"]

1. e4 {[%emt 0:51:06]} e5 2. Nf3 Nc6 3. Bb5 a6 4. Ba4 Nf6 5. O-O Be7 6. Re1 b5
7. Bb3 d6 8. c3 O-O 9. h3 Na5 {[%emt 0:08:18]} 10. Bc2 {[%emt 0:00:04]} c5 {
[%emt 0:00:03]} 11. d4 {[%emt 0:00:11]} Qc7 {[%emt 0:01:15]} 12. d5 {[%emt 0:
02:00]} Bd7 {[%emt 0:01:33]} 13. b3 {[%emt 0:02:16]} Nb7 {[%emt 0:08:00]} 14.
c4 {[%emt 0:06:47]} Ne8 {[%emt 0:01:19]} 15. Nc3 {[%emt 0:00:55]} b4 {[%emt 0:
01:41]} 16. Ne2 {[%emt 0:00:13]} g6 {[%emt 0:00:04]} 17. Nh2 {[%emt 0:08:01]}
Ng7 {[%emt 0:04:37]} 18. f4 {[%emt 0:01:21]} exf4 {[%emt 0:10:42]} 19. Bxf4 {
[%emt 0:01:49]} a5 {[%emt 0:07:34]} 20. Nf3 {[%emt 0:02:08]} f6 {[%emt 0:00:50]
} 21. Qd2 {[%emt 0:02:55]} Nd8 {[%emt 0:02:16]} 22. Rf1 {[%emt 0:08:55]} Nf7 {
[%emt 0:00:51]} 23. Rf2 {[%emt 0:02:11]} a4 {[%emt 0:05:04]} 24. Raf1 {[%emt 0:
00:45]} axb3 {[%emt 0:00:09]} 25. axb3 {[%emt 0:00:04]} Ne5 {[%emt 0:03:39]}
26. Nc1 {[%emt 0:05:29]} Rae8 {[%emt 0:16:07]} 27. Nd3 {[%emt 0:01:39]} Nf7 {
[%emt 0:03:56]} 28. Re1 {[%emt 0:11:04]} Bd8 {[%emt 0:01:35]} 29. Bd1 {[%emt 0:
01:12]} Bc8 {[%emt 0:00:48]} 30. Bh2 {[%emt 0:11:52]} Ne5 {[%emt 0:02:14]} 31.
Bc2 {[%emt 0:01:32]} Nf7 {[%emt 0:02:05]} 32. Kh1 {[%emt 0:01:06]} Ne5 {
[%emt 0:04:52]} 33. Rff1 {[%emt 0:04:22]} Qe7 {[%emt 0:01:20]} 34. Bd1 {
[%emt 0:08:06]} Rf7 {[%emt 0:01:17]} 35. Nf2 {[%emt 0:01:10]} Ref8 {[%emt 0:02:
39]} 36. Kg1 {[%emt 0:00:33]} Qc7 {[%emt 0:02:19]} 37. Bf4 {[%emt 0:04:14]} Nh5
{[%emt 0:01:57]} 38. Bh2 {[%emt 0:00:10]} Ng7 {[%emt 0:00:04]} 39. Nd3 {
[%emt 0:01:39]} Qe7 {[%emt 0:01:59]} 40. Bf4 {[%emt 0:00:53]} Qc7 {[%emt 0:00:
54]} 41. Nh2 {[%emt 0:00:42]} Re8 {[%emt 0:01:29]} 42. Ng4 {[%emt 0:02:37]}
Bxg4 {[%emt 0:01:37]} 43. Bxg4 {[%emt 0:03:11]} Rfe7 {[%emt 0:04:08]} 44. Nf2 {
[%emt 0:06:23]} Nf7 {[%emt 0:00:25]} 45. Bf3 {[%emt 0:01:09]} Ne5 {[%emt 0:00:
53]} 46. Bd1 {[%emt 0:00:53]} Nf7 {[%emt 0:00:23]} 47. Bc2 {[%emt 0:00:36]} Ne5
{[%emt 0:00:51]} 48. Ng4 {[%emt 0:00:24]} Nxg4 {[%emt 0:00:05]} 49. hxg4 {
[%emt 0:00:04]} Rf8 {[%emt 0:00:31]} 50. Ra1 {[%emt 0:00:50]} Qd7 {[%emt 0:00:
14]} 51. Qd1 {[%emt 0:00:33]} Ree8 {[%emt 0:00:15]} 52. Qf3 {[%emt 0:00:32]}
Be7 {[%emt 0:00:16]} 53. Ra6 {[%emt 0:00:51]} Ra8 {[%emt 0:00:07]} 54. Rfa1 {
[%emt 0:00:17]} Qb7 {[%emt 0:00:30]} 55. Rxa8 {[%emt 0:00:23]} Rxa8 56. Rf1 {
[%emt 0:00:24]} Rf8 {[%emt 0:01:13]} 57. Bh6 {[%emt 0:00:33]} Rf7 {[%emt 0:01:
05]} 58. Qh3 {[%emt 0:00:28]} Bf8 {[%emt 0:00:28]} 59. Ra1 {[%emt 0:00:39]} Ne8
{[%emt 0:00:25]} 60. Bf4 {[%emt 0:00:30]} Qc8 {[%emt 0:00:27]} 61. Qf3 {
[%emt 0:00:40]} Ng7 {[%emt 0:00:58]} 62. Qg3 {[%emt 0:00:22]} Ne8 {[%emt 0:00:
05]} 63. Bd1 {[%emt 0:00:38]} Be7 {[%emt 0:01:03]} 64. Bf3 {[%emt 0:00:11]} Qb7
{[%emt 0:00:47]} 65. Qf2 {[%emt 0:00:31]} Nc7 {[%emt 0:00:24]} 66. Qd2 {
[%emt 0:00:20]} Rf8 {[%emt 0:00:15]} 67. Re1 {[%emt 0:00:51]} Qc8 {[%emt 0:00:
27]} 68. Kf2 {[%emt 0:00:37]} Na6 {[%emt 0:00:19]} 69. g5 {[%emt 0:00:35]} fxg5
{[%emt 0:00:23]} 70. Bxg5 {[%emt 0:00:02]} Bxg5 {[%emt 0:00:59]} 71. Qxg5 {
[%emt 0:00:02]} Qd8 {[%emt 0:00:36]} 72. Qxd8 {[%emt 0:00:35]} Rxd8 {[%emt 0:
00:01]} 73. e5 {[%emt 0:00:42]} Nc7 {[%emt 0:01:06]} 74. exd6 {[%emt 0:00:45]}
Ne8 {[%emt 0:00:07]} 75. d7 {[%emt 0:00:55]} Nf6 {[%emt 0:00:24]} 76. Re6 {
[%emt 0:00:30]} Kf7 {[%emt 0:00:07]} 77. Rc6 {[%emt 0:00:37]} Nxd7 {[%emt 0:00:
04]} 78. Kg3 {[%emt 0:00:30]} Ra8 {[%emt 0:00:58]} 79. Rc7 {[%emt 0:00:25]} Ke8
{[%emt 0:00:03]} 80. d6 {[%emt 0:00:16]} 1-0

[Event "I Liga Centralne Srbije"]
[Site "Bajina Bašta, Serbia"]
[Date "2020.10.15"]
[Round "8.1"]
[White "Radovanovic, Mihajlo"]
[Black "Perunovic, Miodrag"]
[Result "1/2-1/2"]
[WhiteElo "2457"]
[BlackElo "2440"]
[Annotator "Knez"]
[PlyCount "66"]
[EventDate "2020.??.??"]
[TimeControl "90"]
[WhiteClock "0:03:21"]
[BlackClock "0:11:35"]

1. Nf3 {[%emt 0:00:00]} d5 {[%emt 0:00:00]} 2. d4 {[%emt 0:00:00]} Nf6 {
[%emt 0:00:00]} 3. c4 {[%emt 0:00:00]} e6 {[%emt 0:00:00]} 4. Nc3 {[%emt 0:00:
00]} dxc4 {[%emt 0:00:00]} 5. e3 {[%emt 0:00:00]} a6 {[%emt 0:00:00]} 6. Bxc4 {
[%emt 0:00:00]} b5 {[%emt 0:00:00]} 7. Bb3 {[%emt 0:00:00]} Bb7 {[%emt 0:00:00]
} 8. O-O {[%emt 0:00:00]} Nbd7 {[%emt 0:00:00]} 9. e4 {[%emt 0:00:00]} b4 {
[%emt 0:00:00]} 10. e5 {[%emt 0:00:00]} bxc3 {[%emt 0:00:00]} 11. exf6 {
[%emt 0:00:00]} cxb2 {[%emt 0:00:00]} 12. Bxb2 {[%emt 0:00:00]} Qxf6 {[%emt 0:
00:00]} 13. d5 {[%emt 0:00:00]} Qxb2 {[%emt 0:00:00]} 14. dxe6 {[%emt 0:00:00]}
fxe6 {[%emt 0:00:00]} 15. Rb1 {[%emt 0:00:00]} Qc3 {[%emt 0:00:00]} 16. Bxe6 {
[%emt 0:00:00]} O-O-O {[%emt 0:00:00]} 17. Rxb7 {[%emt 0:00:00]} Kxb7 {[%emt 0:
00:00]} 18. Bxd7 {[%emt 0:00:00]} Bc5 {[%emt 0:00:00]} 19. Qd5+ {[%emt 0:00:00]
} Ka7 {[%emt 0:00:00]} 20. Ne5 {[%emt 0:00:00]} Rxd7 {[%emt 0:00:00]} 21. Nc6+
{[%emt 0:00:00]} Ka8 {[%emt 0:00:00]} 22. Qxd7 {[%emt 0:00:00]} Qf6 {[%emt 0:
00:00]} 23. Qd5 {[%emt 0:00:00]} Qd6 {[%emt 0:00:00]} 24. Qe4 {[%emt 0:00:00]}
Rf8 {[%emt 0:00:00]} 25. Na5+ {[%emt 0:00:00]} c6 {[%emt 0:00:00]} 26. Nxc6 {
[%emt 0:00:00]} Bxf2+ {[%emt 0:00:00]} 27. Kh1 {[%emt 0:00:00]} Qf4 {[%emt 0:
00:00]} 28. Qd3 {[%emt 0:00:00]} Qa4 {[%emt 0:00:00]} 29. Ne7 {[%emt 0:00:00]}
Qb5 {[%emt 0:00:00]} 30. Qe4+ {[%emt 0:00:00]} Qb7 {[%emt 0:00:00]} 31. Nc6 {
[%emt 0:00:00]} Rc8 {[%emt 0:00:00]} 32. Rc1 {[%emt 0:00:00]} Bb6 {[%emt 0:00:
00]} 33. a4 {[%emt 0:00:00]} h6 {[%emt 0:00:00]} 1/2-1/2

[Event "I Liga Centralne Srbije"]
[Site "Bajina Bašta, Serbia"]
[Date "2020.10.15"]
[Round "8.1"]
[White "Pavlovic, Dejan S"]
[Black "Radovanovic, Nikola"]
[Result "0-1"]
[WhiteElo "2390"]
[BlackElo "2377"]
[Annotator "Knez"]
[PlyCount "82"]
[EventDate "2020.??.??"]
[TimeControl "90"]

1. d4 {[%emt 0:48:03]} Nf6 {[%emt 0:00:03]} 2. Bg5 {[%emt 0:00:11]} Ne4 {
[%emt 0:00:49]} 3. Bf4 {[%emt 0:00:06]} c5 {[%emt 0:00:12]} 4. f3 {[%emt 0:00:
13]} Nf6 {[%emt 0:00:08]} 5. dxc5 {[%emt 0:00:37]} b6 {[%emt 0:00:52]} 6. Nc3 {
[%emt 0:00:22]} bxc5 {[%emt 0:00:05]} 7. e4 {[%emt 0:00:16]} Nc6 {[%emt 0:00:
10]} 8. Bb5 {[%emt 0:01:31]} Bb7 {[%emt 0:00:17]} 9. Qd2 {[%emt 0:03:59]} e6 {
[%emt 0:03:42]} 10. O-O-O {[%emt 0:02:06]} Be7 {[%emt 0:13:57]} 11. Nge2 {
[%emt 0:08:02]} a6 {[%emt 0:01:33]} 12. Ba4 {[%emt 0:05:16]} O-O {[%emt 0:00:
43]} 13. Bd6 {[%emt 0:05:12]} Bxd6 {[%emt 0:02:51]} 14. Qxd6 {[%emt 0:00:06]}
Qa5 {[%emt 0:00:17]} 15. Bb3 {[%emt 0:01:07]} Rad8 {[%emt 0:09:09]} 16. a3 {
[%emt 0:06:25]} Ne8 {[%emt 0:04:38]} 17. Qg3 {[%emt 0:01:03]} Qc7 {[%emt 0:17:
33]} 18. f4 {[%emt 0:13:18]} f5 {[%emt 0:03:12]} 19. e5 {[%emt 0:13:38]} Na5 {
[%emt 0:02:49]} 20. Ba2 {[%emt 0:00:28]} Bc6 {[%emt 0:01:18]} 21. Qf2 {[%emt 0:
22:55]} Qb6 {[%emt 0:01:54]} 22. Rd2 {[%emt 0:02:08]} Rb8 {[%emt 0:00:56]} 23.
Nd1 {[%emt 0:00:34]} Nc7 {[%emt 0:02:58]} 24. Nec3 {[%emt 0:00:08]} Kh8 {
[%emt 0:12:39]} 25. Rg1 {[%emt 0:00:15]} Nb7 {[%emt 0:02:03]} 26. g4 {[%emt 0:
01:14]} fxg4 {[%emt 0:01:04]} 27. Rxg4 {[%emt 0:00:04]} Nb5 {[%emt 0:01:23]}
28. Qg3 {[%emt 0:01:10]} Nd4 {[%emt 0:02:44]} 29. Qh3 {[%emt 0:04:32]} Nf5 {
[%emt 0:04:35]} 30. Bc4 {[%emt 0:00:22]} Na5 {[%emt 0:03:11]} 31. Bd3 {[%emt 0:
00:45]} c4 {[%emt 0:00:11]} 32. Bxf5 {[%emt 0:04:08]} Rxf5 {[%emt 0:00:22]} 33.
Rh4 {[%emt 0:02:35]} h6 {[%emt 0:00:50]} 34. Qg3 {[%emt 0:00:22]} Rbf8 {
[%emt 0:02:44]} 35. Ne3 {[%emt 0:01:00]} R5f7 {[%emt 0:01:05]} 36. Rd1 {
[%emt 0:01:26]} Rb8 {[%emt 0:00:22]} 37. Kd2 {[%emt 0:00:50]} Qxb2 {[%emt 0:00:
11]} 38. Qg6 {[%emt 0:00:46]} Nb3+ {[%emt 0:01:36]} 39. Ke2 {[%emt 0:00:02]}
Qxc3 {[%emt 0:00:16]} 40. cxb3 {[%emt 0:00:09]} Rxb3 {[%emt 0:00:33]} 41. Rd2 {
[%emt 0:01:48]} Qxe3+ {[%emt 0:00:09] Rd1 [%emt 00:00:10] Qc3 [%emt 00:00:10]}
0-1

[Event "I Liga Centralne Srbije"]
[Site "Bajina Bašta, Serbia"]
[Date "2020.10.15"]
[Round "8.1"]
[White "Radovic, Janko"]
[Black "Radovanovic, Dusan"]
[Result "1-0"]
[WhiteElo "2433"]
[BlackElo "2326"]
[Annotator "Knez"]
[PlyCount "85"]
[EventDate "2020.??.??"]
[TimeControl "90"]
[WhiteClock "0:00:31"]
[BlackClock "0:01:08"]

1. e4 {[%emt 0:00:00]} c5 {[%emt 0:00:00]} 2. Nf3 {[%emt 0:00:00]} d6 {[%emt 0:
00:00]} 3. Bb5+ {[%emt 0:00:00]} Nd7 {[%emt 0:00:00]} 4. a4 {[%emt 0:00:00]}
Ngf6 {[%emt 0:00:00]} 5. Nc3 {[%emt 0:00:00]} e6 {[%emt 0:00:00]} 6. O-O {
[%emt 0:00:00]} Be7 {[%emt 0:00:00]} 7. Re1 {[%emt 0:00:00]} O-O {[%emt 0:00:
00]} 8. d4 {[%emt 0:00:00]} cxd4 {[%emt 0:00:00]} 9. Nxd4 {[%emt 0:00:00]} a6 {
[%emt 0:00:00]} 10. Bf1 {[%emt 0:00:00]} Qc7 {[%emt 0:00:00]} 11. a5 {[%emt 0:
00:00]} Ne5 {[%emt 0:00:00]} 12. Nb3 {[%emt 0:00:00]} Nc6 {[%emt 0:00:00]} 13.
Be3 {[%emt 0:00:00]} Nd7 {[%emt 0:00:00]} 14. Na4 {[%emt 0:00:00]} Rb8 {
[%emt 0:00:00]} 15. Qd2 {[%emt 0:00:00]} Nce5 {[%emt 0:00:00]} 16. f3 {[%emt 0:
00:00]} Kh8 {[%emt 0:00:00]} 17. Kh1 {[%emt 0:00:00]} Rg8 {[%emt 0:00:00]} 18.
f4 {[%emt 0:00:00]} Ng4 {[%emt 0:00:00]} 19. Ba7 {[%emt 0:00:00]} Ra8 {[%emt 0:
00:00]} 20. Bg1 {[%emt 0:00:00]} g5 {[%emt 0:00:00]} 21. g3 {[%emt 0:00:00]}
gxf4 {[%emt 0:00:00]} 22. gxf4 {[%emt 0:00:00]} e5 {[%emt 0:00:00]} 23. Re2 {
[%emt 0:00:00]} exf4 {[%emt 0:00:00]} 24. Qxf4 {[%emt 0:00:00]} Nde5 {[%emt 0:
00:00]} 25. Nb6 {[%emt 0:00:00]} Rb8 {[%emt 0:00:00]} 26. Nd5 {[%emt 0:00:00]}
Qd8 {[%emt 0:00:00]} 27. Nxe7 {[%emt 0:00:00]} Qxe7 {[%emt 0:00:00]} 28. Nd4 {
[%emt 0:00:00]} Qh4 {[%emt 0:00:06]} 29. Ra3 {[%emt 0:00:00]} Bd7 {[%emt 0:00:
13]} 30. Nf5 {[%emt 0:00:36]} Bxf5 {[%emt 0:00:00]} 31. Qxf5 {[%emt 0:00:00]}
Rg6 {[%emt 0:00:16]} 32. Rh3 {[%emt 0:00:00]} Qe7 {[%emt 0:00:08]} 33. Rg2 {
[%emt 0:00:12]} Rbg8 {[%emt 0:00:00]} 34. Bd4 {[%emt 0:00:00]} f6 {[%emt 0:00:
06]} 35. Qf4 {[%emt 0:00:00]} Nc6 {[%emt 0:00:07]} 36. Bb6 {[%emt 0:00:00]} Qe6
{[%emt 0:00:00]} 37. Rhg3 {[%emt 0:00:00]} Nge5 {[%emt 0:00:01]} 38. b3 {
[%emt 0:00:04]} Rxg3 {[%emt 0:00:00]} 39. Rxg3 {[%emt 0:00:00]} Rg6 {[%emt 0:
00:00]} 40. Bh3 {[%emt 0:00:00]} Qe7 {[%emt 0:00:00]} 41. Bf5 {[%emt 0:00:00]}
Rg5 {[%emt 0:00:00]} 42. Qh4 {[%emt 0:00:00]} Ng6 {[%emt 0:00:02]} 43. Bxg6 {
[%emt 0:00:00]} 1-0

[Event "I Liga Centralne Srbije"]
[Site "Bajina Bašta, Serbia"]
[Date "2020.10.15"]
[Round "8.1"]
[White "Radivojevic, Ivan"]
[Black "Radovic, Luka"]
[Result "1/2-1/2"]
[WhiteElo "2365"]
[BlackElo "2334"]
[Annotator "Knez"]
[PlyCount "74"]
[EventDate "2020.??.??"]
[TimeControl "90"]
[WhiteClock "0:00:45"]
[BlackClock "0:01:54"]

1. e4 {[%emt 0:00:00]} c5 {[%emt 0:00:00]} 2. Nc3 {[%emt 0:00:00]} Nc6 {
[%emt 0:00:00]} 3. Bb5 {[%emt 0:00:00]} g6 {[%emt 0:00:00]} 4. Bxc6 {[%emt 0:
00:00]} dxc6 {[%emt 0:00:00]} 5. d3 {[%emt 0:00:00]} Nf6 {[%emt 0:00:00]} 6.
Be3 {[%emt 0:00:00]} e5 {[%emt 0:00:00]} 7. h3 {[%emt 0:00:00]} Nd7 {[%emt 0:
00:00]} 8. Qd2 {[%emt 0:00:00]} h6 {[%emt 0:00:00]} 9. O-O-O {[%emt 0:00:00]}
Bg7 {[%emt 0:00:00]} 10. f4 {[%emt 0:00:00]} exf4 {[%emt 0:00:00]} 11. Bxf4 {
[%emt 0:00:00]} Ne5 {[%emt 0:00:00]} 12. Nce2 {[%emt 0:00:00]} Qe7 {[%emt 0:00:
00]} 13. Kb1 {[%emt 0:00:00]} Be6 {[%emt 0:00:00]} 14. Nf3 {[%emt 0:00:00]}
Nxf3 {[%emt 0:00:00]} 15. gxf3 {[%emt 0:00:00]} b6 {[%emt 0:00:00]} 16. Qe1 {
[%emt 0:00:00]} O-O-O {[%emt 0:00:00]} 17. Bc1 {[%emt 0:00:00]} Kb7 {[%emt 0:
00:00]} 18. Qg3 {[%emt 0:00:00]} Qd6 {[%emt 0:00:00]} 19. Bf4 {[%emt 0:00:00]}
Qe7 {[%emt 0:00:00]} 20. Bd2 {[%emt 0:00:00]} c4 {[%emt 0:00:00]} 21. Bc3 {
[%emt 0:00:00]} cxd3 {[%emt 0:00:00]} 22. cxd3 {[%emt 0:00:00]} Bxc3 {[%emt 0:
00:00]} 23. Nxc3 {[%emt 0:00:00]} Qc5 {[%emt 0:00:00]} 24. h4 {[%emt 0:00:00]}
Rd7 {[%emt 0:00:00]} 25. h5 {[%emt 0:00:00]} g5 {[%emt 0:00:00]} 26. f4 {
[%emt 0:00:00]} gxf4 {[%emt 0:00:00]} 27. Qxf4 {[%emt 0:00:00]} Qg5 {[%emt 0:
00:00]} 28. Qxg5 {[%emt 0:00:00]} hxg5 {[%emt 0:00:00]} 29. Kc2 {[%emt 0:00:00]
} f5 {[%emt 0:00:00]} 30. Rdg1 {[%emt 0:00:00]} g4 {[%emt 0:00:00]} 31. Rf1 {
[%emt 0:00:00]} g3 {[%emt 0:00:00]} 32. Rhg1 {[%emt 0:00:00]} Rxh5 {[%emt 0:00:
00]} 33. Rxg3 {[%emt 0:00:00]} Rh2+ {[%emt 0:00:00]} 34. Kb1 {[%emt 0:00:00]}
fxe4 {[%emt 0:00:00]} 35. Nxe4 {[%emt 0:00:00]} Bd5 {[%emt 0:00:00]} 36. Nc3 {
[%emt 0:00:00]} Re7 {[%emt 0:00:00]} 37. Rfg1 {[%emt 0:00:00]} Rf7 {[%emt 0:00:
45]} 1/2-1/2

[Event "I Liga Centralne Srbije"]
[Site "Bajina Bašta, Serbia"]
[Date "2020.10.15"]
[Round "8.1"]
[White "Zlatanovic, Boroljub"]
[Black "Marcetic, Nikola"]
[Result "1/2-1/2"]
[WhiteElo "2372"]
[BlackElo "2329"]
[Annotator "Knez"]
[PlyCount "125"]
[EventDate "2020.??.??"]
[TimeControl "90"]
[WhiteClock "0:01:29"]
[BlackClock "0:12:56"]

1. c4 {[%emt 0:00:00]} c5 {[%emt 0:00:00]} 2. g3 {[%emt 0:00:00]} Nc6 {[%emt 0:
00:00]} 3. Bg2 {[%emt 0:00:00]} g6 {[%emt 0:00:00]} 4. Nc3 {[%emt 0:00:00]} Bg7
{[%emt 0:00:00]} 5. Nf3 {[%emt 0:00:00]} d6 {[%emt 0:00:00]} 6. d3 {[%emt 0:00:
00]} a6 {[%emt 0:00:00]} 7. Bd2 {[%emt 0:00:00]} Rb8 {[%emt 0:00:00]} 8. a3 {
[%emt 0:00:00]} Nf6 {[%emt 0:00:00]} 9. O-O {[%emt 0:00:00]} O-O {[%emt 0:00:
00]} 10. Rb1 {[%emt 0:00:00]} b5 {[%emt 0:00:00]} 11. cxb5 {[%emt 0:00:00]}
axb5 {[%emt 0:00:00]} 12. b4 {[%emt 0:00:00]} cxb4 {[%emt 0:00:00]} 13. axb4 {
[%emt 0:00:00]} Bg4 {[%emt 0:00:00]} 14. h3 {[%emt 0:00:00]} Bxf3 {[%emt 0:00:
00]} 15. Bxf3 {[%emt 0:00:00]} d5 {[%emt 0:00:00]} 16. Bf4 {[%emt 0:00:00]} e5
{[%emt 0:00:00]} 17. Bg5 {[%emt 0:00:00]} Ne7 {[%emt 0:00:00]} 18. Qb3 {
[%emt 0:00:00]} d4 {[%emt 0:00:00]} 19. Bxf6 {[%emt 0:00:00]} Bxf6 {[%emt 0:00:
00]} 20. Ne4 {[%emt 0:00:00]} Nc8 {[%emt 0:00:00]} 21. Qd5 {[%emt 0:00:00]} Kg7
{[%emt 0:00:00]} 22. Nc5 {[%emt 0:00:00]} Qxd5 {[%emt 0:00:00]} 23. Bxd5 {
[%emt 0:00:00]} Rd8 {[%emt 0:00:00]} 24. Bc6 {[%emt 0:00:00]} Ne7 {[%emt 0:00:
00]} 25. Bf3 {[%emt 0:00:00]} Nd5 {[%emt 0:00:00]} 26. Bxd5 {[%emt 0:00:00]}
Rxd5 {[%emt 0:00:00]} 27. Rfc1 {[%emt 0:00:00]} Be7 {[%emt 0:00:00]} 28. Na6 {
[%emt 0:00:00]} Rb6 {[%emt 0:00:00]} 29. Ra1 {[%emt 0:00:00]} Rdd6 {[%emt 0:00:
00]} 30. Nc7 {[%emt 0:00:00]} Rd7 {[%emt 0:00:00]} 31. Ra7 {[%emt 0:00:00]} Kh6
{[%emt 0:00:00]} 32. Nxb5 {[%emt 0:00:00]} Rxa7 {[%emt 0:00:00]} 33. Nxa7 {
[%emt 0:00:00]} Bxb4 {[%emt 0:00:00]} 34. Nc6 {[%emt 0:00:00]} Bd6 {[%emt 0:00:
00]} 35. Na5 {[%emt 0:00:00]} Kg7 {[%emt 0:00:00]} 36. Nc4 {[%emt 0:00:00]} Rc6
{[%emt 0:00:00]} 37. Ra1 {[%emt 0:00:00]} Bc7 {[%emt 0:00:00]} 38. Ra7 {
[%emt 0:00:00]} e4 {[%emt 0:00:00]} 39. Kg2 {[%emt 0:00:00]} h5 {[%emt 0:00:00]
} 40. Nd2 {[%emt 0:00:00]} exd3 {[%emt 0:00:00]} 41. exd3 {[%emt 0:00:00]} Bd8
{[%emt 0:00:00]} 42. Nc4 {[%emt 0:00:00]} Rc7 {[%emt 0:00:00]} 43. Ra8 {
[%emt 0:00:00]} Rd7 {[%emt 0:00:00]} 44. Ne5 {[%emt 0:00:00]} Rd5 {[%emt 0:00:
00]} 45. f4 {[%emt 0:00:00]} Bf6 {[%emt 0:00:00]} 46. Nc4 {[%emt 0:00:00]} Bd8
{[%emt 0:00:00]} 47. Ra7 {[%emt 0:00:00]} Rc5 {[%emt 0:00:40]} 48. Rd7 {
[%emt 0:00:00]} Ba5 {[%emt 0:00:11]} 49. Kf3 {[%emt 0:00:00]} Rc7 {[%emt 0:00:
00]} 50. Rxd4 {[%emt 0:00:00]} Bc3 {[%emt 0:00:00]} 51. Rd5 {[%emt 0:00:00]}
Ra7 {[%emt 0:00:00]} 52. g4 {[%emt 0:00:00]} hxg4+ {[%emt 0:00:00]} 53. hxg4 {
[%emt 0:00:00]} Kf8 {[%emt 0:00:00]} 54. Nb6 {[%emt 0:00:00]} Ra1 {[%emt 0:00:
00]} 55. f5 {[%emt 0:00:00]} Rf1+ {[%emt 0:00:00]} 56. Ke3 {[%emt 0:00:00]}
Re1+ {[%emt 0:00:00]} 57. Kf2 {[%emt 0:00:00]} Rb1 {[%emt 0:00:00]} 58. Nc4 {
[%emt 0:00:00]} Kg7 {[%emt 0:00:00]} 59. Nd6 {[%emt 0:00:00]} Rb4 {[%emt 0:00:
00]} 60. f6+ {[%emt 0:00:00]} Kf8 {[%emt 0:00:04]} 61. Ne4 {[%emt 0:00:00]}
Bxf6 {[%emt 0:00:00]} 62. Nxf6 {[%emt 0:00:00]} Rf4+ {[%emt 0:00:00]} 63. Kg3 {
[%emt 0:00:24]} 1/2-1/2

[Event "PRVA LIGA CS 2020"]
[Site "Bajina basta"]
[Date "2020.10.15"]
[Round "8.2"]
[White "Ristic, Nebojsa B"]
[Black "Dudin, Gleb"]
[Result "0-1"]
[WhiteElo "2312"]
[BlackElo "2386"]
[PlyCount "130"]
[EventDate "2020.10.10"]
[WhiteTeam "RADNIK Surdulica"]
[BlackTeam "OSK PARACIN - Paracin"]

1. d4 Nf6 2. Bf4 e6 3. e3 b6 4. Nf3 Bb7 5. Nbd2 d6 6. Bd3 Be7 7. h3 O-O 8. O-O
Nbd7 9. Bh2 Re8 10. e4 Bf8 11. Re1 a6 12. a4 h6 13. c3 e5 14. b4 c6 15. Qb3 g6
16. a5 b5 17. Rad1 Qe7 18. Bb1 Bg7 19. Ba2 Rf8 20. dxe5 dxe5 21. c4 Nh5 22. c5
Rad8 23. Nf1 Kh7 24. Rd6 Nf4 25. Bxf4 exf4 26. e5 Nxe5 27. Nxe5 Bxe5 28. Rxd8
Rxd8 29. Nh2 Bc8 30. Nf3 f6 31. Bb1 Be6 32. Qa3 Bf7 33. Qc1 Qd7 34. Qc2 Kg7 35.
Qe4 Bc3 36. Rc1 f5 37. Qc2 Bf6 38. Ba2 Bxa2 39. Qxa2 Qf7 40. Qe2 Qb3 41. Qe1 g5
42. Rb1 Qd5 43. Nh2 Qe4 44. Qf1 Qd3 45. Qe1 Kf7 46. Qc1 Qd2 47. Qa3 Rd3 48. Qc1
Qxc1+ 49. Rxc1 Bc3 50. Nf3 g4 51. hxg4 fxg4 52. Ne1 Bxe1 53. Rxe1 Rd4 54. Rb1
Ke6 55. Kf1 Kd5 56. Ke2 Kc4 57. f3 g3 58. Rh1 Kxb4 59. Rxh6 Kxc5 60. Rh8 Kb4
61. Re8 Kxa5 62. Re4 c5 63. Rxd4 cxd4 64. Kd3 Kb4 65. Kxd4 Ka3 0-1

[Event "PRVA LIGA CS 2020"]
[Site "Bajina basta"]
[Date "2020.10.15"]
[Round "8.2"]
[White "Djordjevic, Vuk"]
[Black "Spasic, Petar"]
[Result "1-0"]
[WhiteElo "2347"]
[BlackElo "2251"]
[PlyCount "63"]
[EventDate "2020.10.10"]
[WhiteTeam "OSK PARACIN - Paracin"]
[BlackTeam "RADNIK Surdulica"]

1. d4 Nf6 2. Bg5 c5 3. Bxf6 exf6 4. Nc3 d5 5. e3 Nc6 6. Nge2 Be6 7. g3 Qd7 8.
Bg2 cxd4 9. exd4 g5 10. Qd2 h5 11. h4 Be7 12. Nd1 O-O-O 13. Ne3 Qc7 14. O-O-O
Kb8 15. Kb1 Na5 16. b3 Ba3 17. Qd3 Rd6 18. Nc3 a6 19. Ncxd5 Qd8 20. c4 b5 21.
Qc3 Ka7 22. c5 Rxd5 23. Nxd5 Bxd5 24. Bxd5 b4 25. Qf3 Qd7 26. Rhe1 g4 27. Qe4
Kb8 28. Qf4+ Ka7 29. Qxf6 Qxd5 30. Re7+ Nb7 31. Qb6+ Kb8 32. c6 1-0

[Event "PRVA LIGA CS 2020"]
[Site "Bajina basta"]
[Date "2020.10.15"]
[Round "8.2"]
[White "Djordjevic, Miroslav"]
[Black "Brankovic, Dejan"]
[Result "0-1"]
[WhiteElo "1885"]
[BlackElo "2300"]
[PlyCount "52"]
[EventDate "2020.10.10"]
[WhiteTeam "RADNIK Surdulica"]
[BlackTeam "OSK PARACIN - Paracin"]

1. f4 d6 2. Nf3 g6 3. e4 Bg7 4. d3 e5 5. Nc3 Nc6 6. Be2 Nge7 7. O-O O-O 8. Qe1
Nd4 9. Bd1 Nec6 10. Nd5 Nxf3+ 11. Bxf3 exf4 12. Bxf4 Ne5 13. Qd2 Be6 14. Nc3 c6
15. Rab1 Re8 16. Bh6 Bh8 17. Be2 b5 18. Rf4 b4 19. Nd1 Bxa2 20. Ra1 Be6 21. Ne3
c5 22. Nf5 d5 23. Ng3 a5 24. h4 a4 25. Nf5 Bxf5 26. exf5 a3 0-1

[Event "PRVA LIGA CS 2020"]
[Site "Bajina basta"]
[Date "2020.10.15"]
[Round "8.2"]
[White "Topalov, Aleksandar"]
[Black "Banjovic, Sasa"]
[Result "0-1"]
[WhiteElo "2228"]
[BlackElo "2121"]
[PlyCount "76"]
[EventDate "2020.10.10"]
[WhiteTeam "OSK PARACIN - Paracin"]
[BlackTeam "RADNIK Surdulica"]

1. b3 f5 2. Bb2 d6 3. d4 e6 4. Nh3 Nf6 5. e3 c6 6. Be2 Qc7 7. c4 Be7 8. O-O O-O
9. Nc3 e5 10. f4 e4 11. d5 h6 12. Nf2 Nbd7 13. Kh1 Nb6 14. g4 cxd5 15. g5 hxg5
16. fxg5 Nfd7 17. Nxd5 Nxd5 18. Qxd5+ Kh7 19. g6+ Kh8 20. Nh3 Ne5 21. Nf4 Qc6
22. Qd2 Bg5 23. Qe1 Bd7 24. Qg3 Bh6 25. Qh4 Rae8 26. Rg1 Kg8 27. Nd5 Qc5 28.
Bd4 Qa5 29. Qe1 Qxe1 30. Raxe1 b6 31. h4 Bc6 32. Nf4 Nf3 33. Ng2 Nxd4 34. exd4
f4 35. Bg4 f3 36. d5 Bd7 37. Be6+ Rxe6 38. dxe6 f2 0-1

[Event "PRVA LIGA CS 2020"]
[Site "Bajina basta"]
[Date "2020.10.15"]
[Round "8.2"]
[White "Dimitrijevic, Zoran"]
[Black "Dimitrijevic, Nenad"]
[Result "0-1"]
[WhiteElo "2088"]
[BlackElo "2142"]
[PlyCount "96"]
[EventDate "2020.10.10"]
[WhiteTeam "RADNIK Surdulica"]
[BlackTeam "OSK PARACIN - Paracin"]

1. d4 Nf6 2. Nf3 g6 3. g3 Bg7 4. Bg2 O-O 5. O-O d6 6. c4 Nc6 7. Nc3 Bf5 8. Nh4
Bd7 9. e4 e5 10. d5 Nd4 11. f4 Qc8 12. Qd3 c6 13. Bd2 cxd5 14. cxd5 Qc5 15. Kh1
Rfc8 16. h3 Qc4 17. Qxc4 Rxc4 18. fxe5 dxe5 19. Rf2 Ne8 20. g4 Nd6 21. Raf1 f6
22. Kh2 b5 23. a3 a5 24. Nd1 Nb3 25. Re1 Nxd2 26. Rxd2 Bh6 27. Rde2 Bf4+ 28.
Kg1 Bg3 29. Nf3 Bxe1 30. Rxe1 Rxe4 31. Rxe4 Nxe4 32. Nxe5 fxe5 33. Bxe4 Rc8 34.
Kf2 Kf7 35. Ne3 Ke7 36. Kg3 Rc1 37. h4 Kd6 38. h5 gxh5 39. gxh5 h6 40. Kf3 Rh1
41. Bg6 Rh2 42. b3 Ra2 43. a4 bxa4 44. Nc4+ Kxd5 45. bxa4 Kd4 46. Nxa5 Ra3+ 47.
Ke2 e4 48. Bf7 Bxa4 0-1